000 00777nam a2200253Ia 4500
003 OSt
005 20220925223858.0
006 a|||||r|||| 00| 0
007 ta
008 220923b |||||||| |||| 00| 0 eng d
020 _a9780415831512
_c2631.4899999999998
037 _bVMB/13-14/341, 10/03/2014, VARDHMAN
_cGeneral Book
040 _aRTL
_cRTL
_beng
041 _2eng
_aeng
082 _aU47, Q3
100 _aCOLES Richard
_9290467
245 0 _aLandscape,well being and environment.
260 _aLondon
_bRoutledge
_c2013
300 _axiii,222p.
_ccm.
650 _aGeography
700 _a MILLMAN Zoe
_9290468
942 _hU47, Q3
_cGB
_2CC
999 _c580578
_d580578